Word Ladder: 3-Letter Non-potent Potables Quiz Stats

 Plays Quiz Updated Aug 27, 2014

Support Sporcle.
Go Orange.
Score 0/17 Timer 02:00
0 Plays Today
Clue 3-Letter Word % Correct
Drink from brewed leavesTEA
95.7%
A cooking vesselPOT
92.7%
How the weasel goes?POP
92%
Use the + signADD
91.6%
Give help toAID
89.2%
Stroke an animalPET
88.9%
Coffee, slangilyJOE
87.4%
Tavern owner on the SimpsonsMOE
86.5%
TearRIP
85.5%
Clue 3-Letter Word % Correct
Actress Arthur of 'The Golden Girls'BEA
84.6%
Vietnamese holidayTET
83.8%
Feather shoulder wrapBOA
82.3%
Part of an exercise, perhapsREP
80.4%
Make free or disencumberRID
78.8%
SpiritPEP
76.7%
Extinct flightless birdMOA
72.5%
Fruit juice drinkADE
70.7%

Today's Daily Dose

Missing Word
1944 Movies A-Z

Word Ladder
An Angry Alt+F4

Get the Picture
Colors in 4 Languages

You're not logged in!

Compare scores with friends on all Sporcle quizzes.
OR
Log In

From the Vault

Initially Yours: History

by Flick

As John Kennedy once said, 'Let's get to the moon ASAP!'
Remove Ads.
Support Sporcle.
Get the best of Sporcle when you Go Orange. This ad-free experience offers more features, more stats, and more fun while also helping to support Sporcle. Thank you for becoming a member.

Show Comments

Extras

Top Quizzes Today


Score Distribution

Your Account Isn't Verified!

In order to create a playlist on Sporcle, you need to verify the email address you used during registration. Go to your Sporcle Settings to finish the process.

Report this User

Report this user for behavior that violates our Community Guidelines.

Details: